00698nam a2200181Ia 4500008004100000041000800041082001700049100002500066245005000091260004500141300002500186365001600211500000900227700003700236906003400273999001900307952019000326230718s9999 xx 000 0 und d aeng a005.245bZIL aZilenga D.G.9158039 aPractical Guide To Programming And Operations c1993bShroff Publishers And Distributors a243dRef 30 C (3010) cRs.b185.00 a3O C aZilenga D. G. & Lenzycki9185236 dB:73518-Jan-1994cCOMPb27.75 c291909d291909 00102ddc3Ref 30 C (3010)4073aCCEPbCCEPd1994-01-24ePradeep Book DistributorsfCOMPg157.25i735o005.245pCCEP-BK-3010r2023-07-18 00:00:00t27.75v185.00w1994-01-18yBKz003010